Villes françaises et régions (lettre M) - Statistiques

Statistiques générales
  • Ce quiz a été pris 29 fois
  • Le résultat moyen est 18 sur 30
Statistiques - réponses
Hint Réponse % Correct
Mulhouse Grand Est
96%
Marseille Provence-Alpes-Côte-d'Azur
96%
Metz Grand Est
92%
Molsheim Grand Est
92%
Maubeuge Hauts-de-France
88%
Mérignac Nouvelle-Aquitaine
84%
Meudon Île-de-France
80%
Montauban Occitanie
80%
Morlaix Bretagne
76%
Mont-de-Marsan Nouvelle-Aquitaine
76%
Montbéliard Bourgogne-Franche-Comté
72%
Melun Île-de-France
72%
Manosque Provence-Alpes-Côte-d'Azur
72%
Marmande Nouvelle-Aquitaine
60%
Mende Occitanie
60%
Mayenne Pays de la Loire
60%
Montélimar Auvergne-Rhône-Alpes
56%
Morbier Bourgogne-Franche-Comté
56%
Modane Auvergne-Rhône-Alpes
52%
Mirande Occitanie
52%
Montluçon Auvergne-Rhône-Alpes
48%
Montargis Centre-Val-de-Loire
48%
Montbard Bourgogne-Franche-Comté
44%
Mirepoix Occitanie
44%
Mougins Provence-Alpes-Côte-d'Azur
36%
Montdidier Hauts-de-France
32%
Mortagne-au-Perche Normandie
32%
Mehun-sur-Yèvre Centre-Val-de-Loire
24%
Montivilliers Normandie
20%
Mamers Pays de la Loire
20%
Aucun quiz correspondant
Distribution des résultats
% des personnes avec chaque résultat
Percentile par nombre de réponses
Votre historique - résultats
Vous n’avez pas pris ce quiz